000 00439nam a2200181Ia 4500
001 9405
005 20260306161716.0
008 260306t2006||||xx |||||||||||||| ||spa||
041 _aESP
082 _a378.5
_bG82
100 _aGross, Jean
_eAUT
245 0 _aNecesidades educativas especiales en educación primaria
260 _c2006
300 _a343 páginas :
_ccm.
650 _aGEN
654 _aCED
942 _cLIB
_dJUS
_fJUS
_2ddc
_n
999 _c9405
_d9405